Loading...
| Science - Chemistry | 0 | 6 | 1 | 1 | 55 | 70 | 101.33 | 0 | 2 | 0.00 | 0.00 |
| Literature - British | 0 | 5 | 0 | 1 | 50 | 69 | 97.80 | 0 | 3 | 0.00 | 0.00 |
| Mythology | 0 | 4 | 0 | 3 | 40 | 131 | 136.00 | 0 | 1 | 0.00 | 0.00 |
| Science - Physics | 0 | 4 | 1 | 1 | 35 | 103 | 114.50 | 0 | 0 | 0.00 | 0.00 |
| Literature - European | 0 | 4 | 1 | 0 | 35 | 67 | 110.50 | 0 | 1 | 0.00 | 0.00 |
| Literature - World | 0 | 4 | 2 | 2 | 30 | 109 | 122.25 | 0 | 2 | 0.00 | 0.00 |
| Science - Other | 0 | 3 | 0 | 1 | 30 | 114 | 119.00 | 0 | 0 | 0.00 | 0.00 |
| Fine Arts - Painting and Sculpture | 0 | 3 | 0 | 1 | 30 | 99 | 133.00 | 0 | 0 | 0.00 | 0.00 |
| Religion | 0 | 3 | 0 | 1 | 30 | 132 | 134.33 | 0 | 1 | 0.00 | 0.00 |
| Philosophy | 0 | 3 | 0 | 1 | 30 | 116 | 132.67 | 0 | 0 | 0.00 | 0.00 |
| Literature - American | 0 | 3 | 1 | 0 | 25 | 101 | 132.33 | 0 | 0 | 0.00 | 0.00 |
| Fine Arts - Other | 0 | 3 | 2 | 1 | 20 | 109 | 125.67 | 0 | 0 | 0.00 | 0.00 |
| History - European | 0 | 2 | 0 | 0 | 20 | 120 | 120.00 | 0 | 0 | 0.00 | 0.00 |
| Social Science | 0 | 2 | 1 | 1 | 15 | 122 | 125.50 | 0 | 0 | 0.00 | 0.00 |
| History - Other | 0 | 2 | 1 | 1 | 15 | 124 | 124.50 | 0 | 0 | 0.00 | 0.00 |
| Pop Culture | 0 | 2 | 1 | 0 | 15 | 132 | 134.00 | 0 | 0 | 0.00 | 0.00 |
| Other Academic | 0 | 1 | 0 | 0 | 10 | 134 | 134.00 | 0 | 0 | 0.00 | 0.00 |
| History - World | 0 | 1 | 0 | 1 | 10 | 101 | 101.00 | 0 | 1 | 0.00 | 0.00 |
| History - American | 0 | 1 | 0 | 1 | 10 | 121 | 121.00 | 0 | 0 | 0.00 | 0.00 |
| Fine Arts - Classical Music | 0 | 1 | 0 | 0 | 10 | 137 | 137.00 | 0 | 0 | 0.00 | 0.00 |
| Current Events | 0 | 1 | 0 | 1 | 10 | 133 | 133.00 | 0 | 0 | 0.00 | 0.00 |
| Science - Biology | 0 | 1 | 1 | 0 | 5 | 111 | 111.00 | 0 | 0 | 0.00 | 0.00 |